JoJo's Bizarre Adventure Quiz - Statistics

General Stats
  • This quiz has been taken 525 times
  • The average score is 10 of 15
Answer Stats
Question Answer % Correct
Which of these characters were only in Eyes of Heaven but not in the anime? Heaven Ascended Dio
89%
What is the localized name for Crazy Diamond? Shining Diamond
89%
How did Shigechi died? Exploded from touching a doorknob
79%
What is the most notable theme in JoJo? il vento d'oro (Giorno's theme)
78%
Funny Valentine's stand, Dirty Deeds Done Dirt Cheap is a reference to a song from what band? AC/DC
73%
In what year did Stone Ocean happened? 2011
71%
JoJo art was shown in the Louvre before which is in what city? Paris, France
70%
Who are the two characters that fused with each other to create Josuke "Gappy" Higashikata? Josefumi Kujo and Yoshikage Kira
67%
Which of these countries was once showed in JoJo? Switzerland
66%
Which of these openings were during the Bites the Dust era? Great Days
63%
Which of types of spaghetti was eaten by Joseph Joestar Spaghetti al nero di seppia
57%
What was Jolyne's prison number? FE40536
47%
Who is the user of Kraft Work? Sale
45%
After Jonathan's death, Erina survived the explosion of the ship then landed in what archipelago? Canary Islands
44%
Which is one of Jotaro's famous lines I shall judge you!
41%
No matching quizzes found
Score Distribution
Percent of People with Each Score
Percentile by Number Answered
Your Score History
You have not taken this quiz